MEDICAL PARASITOLOGY (Record no. 207128)

MARC details
000 -LEADER
fixed length control field 00480nam a22001817a 4500
008 - FIXED-LENGTH DATA ELEMENTS--GENERAL INFORMATION
fixed length control field 230918b |||||||| |||| 00| 0 eng d
020 ## - INTERNATIONAL STANDARD BOOK NUMBER
International Standard Book Number 978-93-86927-55-5
050 ## - LIBRARY OF CONGRESS CALL NUMBER
Classification number RC 119. A76 2018
Item number C.1
100 ## - MAIN ENTRY--PERSONAL NAME
Personal name ARORA,D.R
245 ## - TITLE STATEMENT
Title MEDICAL PARASITOLOGY
250 ## - EDITION STATEMENT
Edition statement 5ED.
260 ## - PUBLICATION, DISTRIBUTION, ETC.
Place of publication, distribution, etc. NEW DELHI
Name of publisher, distributor, etc. CBS PUBLISHERS &DISTRIBUTORS pvt LTD
Date of publication, distribution, etc. 2018
300 ## - PHYSICAL DESCRIPTION
Extent XV111,277P.
500 ## - GENERAL NOTE
General note INCLUDES INDEX
650 ## - SUBJECT ADDED ENTRY
Topical term or geographic name entry element PARASITOLOGY
700 ## - ADDED ENTRY--PERSONAL NAME
Personal name ARORA,BRIJ BALA
942 ## - ADDED ENTRY ELEMENTS (KOHA)
Source of classification or shelving scheme Library of Congress Classification
Koha item type Long Loan Book
Holdings
Withdrawn status Lost status Source of classification or shelving scheme Damaged status Not for loan Collection Home library Current library Date acquired Inventory number Total checkouts Total renewals Full call number Barcode Date last seen Date last checked out Copy number Price effective from Koha item type Shelving location
    Library of Congress Classification     Medicine Kisii University Library Kisii University Library 09/18/2023 101230 7 2 RC 119. A76 2018 000000002452 01/22/2026 01/15/2026 C.1 09/18/2023 Long Loan Book  
    Library of Congress Classification     Medicine Kisii University Library Kisii University Library 09/18/2023 101232 5 1 RC 119. A76 2018 000000002451 02/28/2026 02/16/2026 C.3 09/18/2023 Long Loan Book On Display
    Library of Congress Classification     Medicine Kisii University Library Kisii University Library 09/18/2023 101233 5 4 RC 119. A76 2018 000000002450 04/08/2026 03/13/2026 C.4 09/18/2023 Long Loan Book On Display
    Library of Congress Classification     Medicine Kisii University Library Kisii University Library 09/18/2023 101234 8 2 RC 119. A76 2018 000000002449 04/06/2026 03/23/2026 C.5 09/18/2023 Long Loan Book On Display
    Library of Congress Classification     Medicine Kisii University Library Kisii University Library 09/18/2023 101235 7 4 RC 119. A76 2018 000000002055 04/24/2026 04/18/2026 C.6 09/18/2023 Long Loan Book On Display
    Library of Congress Classification     Medicine Kisii University Library Kisii University Library 09/18/2023 101236 5   RC 119. A76 2018 000000002056 03/20/2025 03/10/2025 C.7 09/18/2023 Long Loan Book On Display
    Library of Congress Classification     Medicine Kisii University Library Kisii University Library 09/18/2023 101237 4 1 RC 119. A76 2018 000000002057 04/06/2026 03/23/2026 C.8 09/18/2023 Long Loan Book On Display